00721 a2200157 4500003000500000005001700005040000900022082001900031100002600050245006700076260005600143300002800199505027600227600002600503650003400529Nust20240913104908.0 cNust a621.381528,COO aYarborough ,E.H.Cooke aAn introduction to transistor circuits /cE.H.Cooke-Yarborough aOliver and BoydbUinted Kingdom Atomic Energyc1960 axii,158 pbillusc24 cm aTransistor Action (Page-1), Low Frequency Amplification (Page-29), The Performance Of Transistor Amplifier Circuits (Page-49), Pulse Circuits (Page-79), Some Circuit Applications Of Transistors (Page-115), The Application Of Transistors In Automatic Computers (Page-137). aYarborough ,E.H.Cooke aTelecommunication Engineering